| 000 | 00548nam a22001817a 4500 | ||
|---|---|---|---|
| 003 | dpl | ||
| 005 | 20180716110231.0 | ||
| 008 | 180716b xxu||||| |||| 00| 0 eng d | ||
| 020 | _c100.00 | ||
| 035 | _aB-164352 | ||
| 040 |
_aDPL _bEN _c0 |
||
| 082 | _a540 | ||
| 100 | _aMehta, Ved Prakash | ||
| 245 |
_aA text book of Polytechnic chemistry for engineering diploma student/ _cVed Prakash Mehta |
||
| 260 |
_aNew Delhi _bJain Brothers _c2005 |
||
| 300 |
_a528p; _bincludes index, appendix _c21cm. |
||
| 942 |
_2ddc _cEN _h540 _mMEH |
||
| 999 |
_c154078 _d154078 |
||